| 000 | 01072nam a2200277 4500 | ||
|---|---|---|---|
| 999 |
_c81961 _d319238 |
||
| 003 | OSt | ||
| 005 | 20220830103717.0 | ||
| 008 | 220830b2014 jo ||||g |||| 00| 0 ara d | ||
| 020 | _a9789957062408 | ||
| 040 |
_aMa-Un _bara _cMa-Un |
||
| 041 | 0 | _aara | |
| 082 | 0 | 4 |
_a370.285 _bع ي ح _221 |
| 100 | 1 |
_aعيادات، يوسف أحمد _999347 |
|
| 245 | 1 | 2 |
_aالحاسوب التعليمي وتطبيقاته التربوية / _cيوسف أحمد عيادات. |
| 250 | _aط. 2. | ||
| 264 |
_aعمان، الأردن : _bدار المسيرة للنشر والتوزيع والطباعة، _c2014 _m1435. |
||
| 300 |
_a367 ص. : _bإيض. ؛ _c24 سم. |
||
| 504 | _aيشتمل على قائمة ببليوجرافية. | ||
| 650 | 7 |
_aالتعليم _xمعالجة المعطيات الكترونيا _921574 |
|
| 650 | 7 |
_aالحاسبات الإلكترونية والتعليم _999348 |
|
| 650 | 7 |
_aالوسائل التعليمية _999349 |
|
| 650 | 7 |
_aتكنولوجيا التعليم _999350 |
|
| 942 |
_2ddc _cBOOK |
||
| 257 | _aالاردن. | ||
| 535 | 1 | _36 | |